Chinese to english (1) - Statistics

General Stats
  • This quiz has been taken 46 times
  • The average score is 13 of 15
Answer Stats
Chinese English % Correct
Good
100%
He
100%
你好 Hello
100%
You
100%
你們 You
100%
I
94%
不好 Not good
94%
She
94%
我們 We
85%
再見 Bye
82%
It
79%
你好嗎 How are you
76%
他們 They
76%
她們 They
76%
它們 They
76%
No matching quizzes found
Score Distribution
Percent of People with Each Score
Percentile by Number Answered
Your Score History
You have not taken this quiz